Szczegóły MARC21

Mikroekonomia /

003 -Nazwa inst., której nr kontr. jest w polu 001 [,]
    • @
    • Nazwa instytucji, której n kontrolny jest w polu 001
    • NUKAT
005 -DATA I CZAS OSTATNIEJ MODYFIKACJI [,]
    • @
    • pole kontrolne
    • 20241231110038.0
020 -Międzynarod. znormalizowany nr książki - ISBN [ , ]
    • a
    • Numer ISBN
    • 8385360107 Find
040 -Instytucja sporządzająca opis [ , ]
    • a
    • Instytucja, która sporządziła opis (NP)
    • SZCZ U/KLR
    • b
    • Język katalogowania
    • pol
    • e
    • Zasady katalogowania
    • rda
    • c
    • Instytucja, która sporządziła rekord (NP)
    • SZCZ U/KLRs
942 -Rodzaj dokumentu [ , ]
    • c
    • Rodzaj dokumentu
    • Książka
245 -Strefa tytułu i oznaczenia odpowiedzialności [0,0]
    • a
    • Tytuł
    • Mikroekonomia / Find
    • c
    • Pozostałe elementy strefy tytułu i oznaczenia odpowiedzialności (NP)
    • pod redakcją Danuty Kopycińskiej ; autorzy: T. Bernat [i 8 pozostałych].
250 -Strefa wydania [ , ]
    • a
    • Oznaczenie wydania (NP)
    • Wydanie V uzupełnione i poprawione.
260 -Strefa adresu wydawniczego [ , ]
    • a
    • Miejsce wydania (P)
    • Szczecin :
    • b
    • Nazwa wydawcy (P)
    • [wydawca nieznany],
    • c
    • Data wydania (P)
    • 2001.
300 -Strefa opisu fizycznego [ , ]
    • a
    • Określenie formy książki i/lub objętość (NP)
    • 330 stron :
    • b
    • Oznaczenie ilustracji (NP)
    • ilustracje ;
    • c
    • Format (NP)
    • 25 cm.
336 -Typ zawartości [ , ]
    • a
    • Termin opisujący typ zawartości
    • Tekst
    • b
    • Kod określający zawartość
    • txt
    • 2
    • Źródło (terminu i kodu)
    • rdacontent
337 -Typ mediów [ , ]
    • a
    • Tryb odtwarzania
    • Bez urządzenia pośredniczącego
    • b
    • Kod typu mediów
    • n
    • 2
    • Źródło (terminu i kodu)
    • rdamedia
338 -Typ/rodzaj nośnika [ , ]
    • a
    • Hasło opisujące typ nośnika
    • Wolumin
    • b
    • Kod typu nośnika
    • nc
    • 2
    • Źródło (terminu i kodu)
    • rdacarrier
504 -Uwaga dot. bibliogr. załącznikowej [ , ]
    • a
    • Uwaga dot. bibliografii załącznikowej
    • Bibliografia na stronach 329-330.
080 -Uniwersalna Klasyfikacja Dziesiętna [ , ]
    • 2
    • Identyfikator wydania tablic
    • UDC-P058
    • a
    • Symbol klasyfikacji
    • 330.101.542
    • b
    • Dopowiedzenie
    • Mikroekonomia.
    • x
    • Poddział wspólny
    • (075.8)
    • b
    • Dopowiedzenie
    • (Podręczniki dla szkół wyższych. Skrypty).
650 -Hasło przedmiotowe [ ,7]
    • a
    • Hasło przedmiotowe
    • Mikroekonomia
    • v
    • Określnik formalny
    • podręczniki akademickie.
    • 2
    • Źródło terminu
    • kaba
    • 9
    • KHW
    • 352804
980 -Symbol UKD [ , ]
    • a
    • UKD
    • 330.101.542(075.8)
700 -Hasło dodatkowe - nazwa osobowa [1, ]
    • a
    • Nazwa osobowa (NP)
    • Kopycińska, Danuta. Find
    • e
    • Określenie rodzaju współpracy
    • Redakcja
    • 9
    • KHW
    • 1705
700 -Hasło dodatkowe - nazwa osobowa [1, ]
    • a
    • Nazwa osobowa (NP)
    • Bernat, Tomasz. Find
    • e
    • Określenie rodzaju współpracy
    • Autor
    • 9
    • KHW
    • 13919
920 -ISBN [ , ]
    • a
    • ISBN
    • 83-85360-10-7 Find
Sygnatura Lokalizacja Data inwentaryzacji Numer inwentarzowy Status udost.
 BE2001-10-16S.883422
 BE2001-10-16S.88343-6
 BE2001-10-16S.883442
 BE2001-10-16S.88345-6
 BE2001-10-16S.883492
 BE2004-03-19E.69170-2
 BE2004-03-19S.91048-2
 BE2001-10-16S.88347-6
 BE2001-10-16S.88346-6
 BE2001-10-16S.88348-6
33GW2015-10-23GW.5304-3
T.5873T2001-11-09T.5873-3
 T2001-11-09T.5874-2
T.5875T2001-11-09T.5875-6
T.5876T2001-11-09T.5876-3
T.5877T2001-11-09T.5877-3
 T2001-11-09T.5878-6
T.5879T2001-11-09T.5879-3
T.5880T2001-11-09T.5880-6
T.5881T2001-11-09T.5881-3
T.5882T2001-11-09T.5882-6
T.5883T2001-11-09T.5883-3
T.5885T2001-11-09T.5885-3
T.5886T2001-11-09T.5886-3
T.5887T2001-11-09T.5887-3
T.5888T2001-11-09T.5888-3
T.5889T2001-11-09T.5889-3
T.5890T2001-11-09T.5890-3
 T2001-11-09T.5891-6
T.5892T2001-11-09T.5892-6
T.6535T2002-03-05T.6535-3
T.6536T2002-03-05T.6536-3
T.6537T2002-03-05T.6537-6
T.6538T2002-03-05T.6538-3
T.6539T2002-03-05T.6539-2
TM.1869T2003-11-24TM.1869-3
TM.1871T2003-11-24TM.1871-3
TM.1873T2003-11-24TM.1873-3
TM.1943T2003-12-11TM.1943-3
TM.2757T2004-12-03TM.2757-3
TM.2758T2004-12-03TM.2758-3
TM.2760T2004-12-03TM.2760-6
TM.2778T2004-12-06TM.2778-3
TM.6000T2008-11-13TM.6000-3
TM.6894T2009-10-12TM.6894-3
TM.2759T2004-12-03TM.2759-6
TM.2761T2004-12-03TM.2761-6
TM.1870T2003-11-24TM.1870-6
TM.1872T2003-11-24TM.1872-6
TM.3783T2006-02-07TM.3783-6
T.5884T2001-11-09T.5884-6